000 00796nam a22002297i 4500
999 _c23196
_d23196
003 AR-CdUCM
008 250124b20222022 pe||||| |||| 00| 0 spa d
020 _a978-612-48143-6-5
040 _aMUNICIPALIDAD PROVINCIAL DEL CUSCO
_cBIBLIOTECA MUNICIPAL DEL CUSCO
041 _hspa
082 _a370 / C76
_bC76
100 _aCondori Terán, Amanda
_950962
245 _aCalendario Ambiental Regional del Cusco /
260 _aSicuani-Cusco
_bInkari Editores
_c2022
300 _a140 páginas. :
_c25x17 cm.
500 _zBibliografía: páginas 121-140
505 _aAniversarios relacionados al medio ambiente de enero a diciembre
700 _aApaza Condori, Karla Amanda
_950963
700 _aGiordano Vásquez, Claudia Nataly
_950964
942 _2ddc
_cLIBROS
945 _apbjr
_d24-01-2025